|
|
|
|
| LEADER |
00847nam a2200289 4500 |
| 001 |
DLU100104203 |
| 005 |
##20100304 |
| 040 |
# |
# |
|a DLU
|b vie
|
| 041 |
# |
# |
|a vie
|
| 044 |
# |
# |
|a vn
|
| 100 |
# |
# |
|a Nguyễn Văn Hòa,
|c TS.
|
| 245 |
# |
# |
|a Quan niệm của Phan Bội Châu về dân quyền /
|c Nguyễn Văn Hòa.
|
| 653 |
# |
# |
|a Nhân quyền
|
| 653 |
# |
# |
|a Phát triển văn hóa
|
| 653 |
# |
# |
|a Phan Bội Châu, 1867-1940
|
| 653 |
# |
# |
|a Tư tưởng Nho học
|
| 653 |
# |
# |
|a Tư tưởng phương Tây
|
| 773 |
# |
# |
|t Triết học
|g Số9(208), 2008, tr. 31-38
|
| 920 |
# |
# |
|a Phòng Tạp chí -- Trung tâm Thông tin - Thư viện Trường Đại học Đà Lạt
|
| 994 |
# |
# |
|a DLU
|
| 900 |
# |
# |
|a True
|
| 911 |
# |
# |
|a Nguyễn Thị Linh Chi
|
| 925 |
# |
# |
|a G
|
| 926 |
# |
# |
|a A
|
| 927 |
# |
# |
|a BB
|
| 980 |
# |
# |
|a Thư viện Trường Đại học Đà Lạt
|